书目信息 |
| 题名: |
青年与国际政治
|
|
| 作者: | 江广平 著 | |
| 分册: | ||
| 出版信息: | 北京 中央编译出版社 2008 |
|
| 页数: | 241页 | |
| 开本: | 23cm | |
| 丛书名: | 青年与国际政治丛书 | |
| 单 册: | ||
| 中图分类: | D43 | |
| 科图分类: | ||
| 主题词: | 国际政治--研究 , 青年--研究--世界 , 青年运动 , 青年 , 青年组织 , 学生组织 | |
| 电子资源: | ||
| ISBN: | 978-7-80211-600-9 | |
| 000 | 00979oam2 2200301 450 | |
| 001 | 1248314422 | |
| 005 | 20121005132631.98 | |
| 010 | @a978-7-80211-600-9@dCNY32.00 | |
| 100 | @a20080507d2008 em y0chiy50 ea | |
| 101 | 0 | @achi |
| 102 | @aCN@b110000 | |
| 105 | @ay z 000yy | |
| 200 | 1 | @a青年与国际政治@Aqing nian yu guo ji zheng zhi@f江广平著 |
| 210 | @a北京@c中央编译出版社@d2008 | |
| 215 | @a241页@d23cm | |
| 225 | 2 | @a青年与国际政治丛书 |
| 330 | @a本书主要内容包括:国际政治的微观分析——观察全球治理和全球公民社会的一种视角、马克思主义国家理论概述、青年事务:社会职能的国际合作、青年运动:政治统治职能的干预、青年:中国国际战略的一个因素等。 | |
| 461 | 0 | @12001 @a青年与国际政治丛书 |
| 606 | 0 | @a国际政治@x研究 |
| 606 | 0 | @a青年@x研究@y世界 |
| 606 | 0 | @a青年运动 |
| 606 | 0 | @a青年 |
| 606 | 0 | @a青年组织 |
| 606 | 0 | @a学生组织 |
| 690 | @aD43@v4 | |
| 701 | 0 | @a江广平@Ajiang guang ping@4著 |
| 801 | 0 | @aCN@bNLC@c20101222 |
| 905 | @a10447@dD43@eJY73 | |
| 青年与国际政治/江广平著.-北京:中央编译出版社,2008 |
| 241页;23cm.-(青年与国际政治丛书) |
| ISBN 978-7-80211-600-9:CNY32.00 |
| 本书主要内容包括:国际政治的微观分析——观察全球治理和全球公民社会的一种视角、马克思主义国家理论概述、青年事务:社会职能的国际合作、青年运动:政治统治职能的干预、青年:中国国际战略的一个因素等。 |
| ● |
| 相关链接 |
|
|
|
|
正题名:青年与国际政治
索取号:D43/JY73
 
预约/预借
| 序号 | 登录号 | 条形码 | 馆藏地/架位号 | 状态 | 备注 |
| 1 | 7811758 | 278117583 | 学院路分馆/ [索取号:D43/JY73] | 在馆 | |
| 2 | 7811759 | 278117592 | 学院路分馆/ [索取号:D43/JY73] | 在馆 |